The Only Remaining South American Country - Statistics

General Stats
  • This quiz has been taken 628 times
  • The average score is 8 of 12
Answers on the Map
Answers color-coded by a green-red scale on the quiz's map according to % correct below.
 
Answer Stats
Hint Answer % Correct
To be over 3,000 miles long, but less than 100 miles wide Chile
99%
With more people than Russia Brazil
95%
That borders a non-South American country Colombia
88%
Whose capital begins with B Argentina
78%
To win at least two World Cups Uruguay
77%
That is over 95% covered in forest Suriname
75%
To border only two other countries Ecuador
67%
That does not mainly speak Spanish Guyana
61%
That has one of the 5 highest mountains in South America Peru
55%
That has a coast Venezuela
46%
That ends in a vowel Bolivia
39%
That is a country in South America Paraguay
35%
No matching quizzes found
Score Distribution
Percent of People with Each Score
Percentile by Number Answered
Your Score History
You have not taken this quiz